000 00496 a2200169 4500
003 NUST
005 20251022105136.0
040 _cNust
082 _a621.382,ASH
100 _aAshfaq , Asim Capt ( TE-40)
_9131373
245 _aMCS security system (using RFID technology) /
_cCapt Asim Ashfaq , Capt Faheem Akhtar , Capt Nisar-UL-Haq , GC Asif Rasul
260 _aRawalpindi
_bMCS,NUST
_c2007
300 _a81,p.;
650 _aUG Projects
_998716
651 _aTE-40
_9131374
942 _2ddc
_cPR
999 _c183546
_d183546